Digital mapping in the Ordnance Survey, 1968-1978 (Record no. 99241)

MARC details
000 -LEADER
fixed length control field 00526cam a2200181 4500
001 - CONTROL NUMBER
control field D11656
008 - FIXED-LENGTH DATA ELEMENTS--GENERAL INFORMATION
fixed length control field 090401t1978 xxu||||| |||| 00| 0 eng d
035 ## - SYSTEM CONTROL NUMBER
System control number (Sirsi) u98901
041 ## - LANGUAGE CODE
Language code of text/sound track or separate title eng
050 ## - LIBRARY OF CONGRESS CALL NUMBER
Classification number 526
100 ## - MAIN ENTRY--PERSONAL NAME
Personal name Thompson, C.N.
245 ## - TITLE STATEMENT
Title Digital mapping in the Ordnance Survey, 1968-1978
260 ## - PUBLICATION, DISTRIBUTION, ETC.
Date of publication, distribution, etc. 1978
350 ## - PRICE (NR) (BK AM CF MU VM SE) [OBSOLETE]
Price 0
520 ## - SUMMARY, ETC.
Summary, etc. In: RICS. Land Surveyors Division and N.E.L.P: "Databanks and digital mapping". one-day seminar... 9th November 1978. 1978/32 ABCD
942 ## - ADDED ENTRY ELEMENTS (KOHA)
Suppress in OPAC 0
948 ## - LOCAL PROCESSING INFORMATION (OCLC); SERIES PART DESIGNATOR (RLIN)
c (OCLC) 04/03/1997
Holdings
Withdrawn status Lost status Source of classification or shelving scheme Damaged status Not for loan Home library Current library Shelving location Date acquired Total Checkouts Full call number Barcode Date last seen Copy number Price effective from Koha item type
    Other/Generic Classification Scheme     London London RICS Boxes 20/01/2003   RICS 1978/32 98901-1001 06/08/2019 1 06/08/2019 Reference material